Congestive heart failure

Uloženo v:
Podrobná bibliografie
Hlavní autor: Michaelson, Cydney R.
Médium: Kniha
Jazyk:angličtina
Vydáno: The C. V. Mosby. 1983.
Témata:
Tagy: Přidat tag
Žádné tagy, Buďte první, kdo vytvoří štítek k tomuto záznamu!

MARC

LEADER 00000nam a22000005a 4500
001 5439
003 CL-ChBUA
005 20120815102920.0
008 070301s1983 xxu 000 0 eng
020 |a 0801634431 
040 |a CL-ChBUA  |c CL-ChBUA 
082 0 0 |a 616.129 
090 |c 5439  |d 5439 
100 1 |a Michaelson, Cydney R. 
245 1 0 |a Congestive heart failure 
260 |b The C. V. Mosby.  |c 1983. 
300 |a xi, 531 p.:il.  |b xi, 531 p.:il.  |c 24 cm. 
504 |a Indice. 
650 4 |a CARDIOLOGIA. 
942 |c LIB 
952 |0 0  |1 0  |4 0  |7 0  |9 8087  |a UNACH  |b UNACH  |c 600  |d 2007-03-05  |i 22.765.  |l 0  |o 616.129 / C 749. c.1  |p 9086  |r 2012-08-08 00:00:00  |u 8087  |w 2012-08-08  |y LIB  |k 616.129 / C 749. c.1 
952 |0 0  |1 0  |4 0  |7 0  |9 8092  |a UNACH  |b UNACH  |c 600  |d 2007-03-05  |i 27.118.  |l 0  |o 616.129 / C 749. c.6  |p 9091  |r 2012-08-08 00:00:00  |u 8092  |w 2012-08-08  |y LIB  |k 616.129 / C 749. c.6 
999 |c 5439  |d 5439